000 00543nam a2200217 a 4500
999 _c4426
_d4426
001 4426
003 BD-JhCC
005 20171127132401.0
008 171127s u p|||| || | 000 0 eng d
035 _a(BD-JhCC)4426
040 _aBD-JhCC
_dBD-JhCC
041 _aeng
082 _a428.6
_bDIA
245 _aDialogue /
_cNathan glick (Editor)
260 _aWashington :
_bU. S. Information Agency
300 _a112 p. :
_bill. ;
_c25 cm.
650 _aReaders
700 _aNathan glick : Jacob Solan
942 _2ddc
_cBK